000 00415nam a22001817a 4500
005 20260402125812.0
008 260402b |||||||| |||| 00| 0 eng d
020 _a9798886841329
041 _aEnglish
082 _a346.03 RAJ
100 _aPrithivi Raj
245 _aLaw of Torts
250 _a1st
260 _aChenni :
_bNotion Press,
_c2022.
300 _a499 p
650 _aLaw of Torts
942 _cDB
999 _c9589
_d9589